Detalles MARC
| 000 -LEADER |
| fixed length control field |
01415nam a2200193 a 4500 |
| 005 - FECHA ULTIMA MODIFICACION |
| control field |
20241202094238.0 |
| 008 - CAMPO DE CONTROL (LIBRO) |
| fixed length control field |
241128e2023 ag ||||| |||| 001 0 spa d |
| 020 ## - INTERNATIONAL STANDARD BOOK NUMBER |
| ISBN |
9789500207812 |
| 041 ## - CODIGO DE IDIOMA |
| Código de idioma del texto/pista de sonido o título separado |
spa |
| 092 ## - SIGNATURA TOPOGRAFICA DEWEY LOCAL |
| número de clasificación |
616.8 |
| libristica |
27 |
| sección |
FUS |
| 100 1# - ENTRADA PRINCIPAL--NOMBRE PERSONAL |
| Nombre personal |
Fustinoni, Osvaldo |
| 9 (RLIN) |
405 |
| 245 ## - TITULO PROPIAMENTE DICHO |
| Título |
Semiología del sistema nervioso / |
| Mención de responsabilidad y remanente de la transcripción de la portada |
Osvaldo Fustinoni |
| 250 ## - MENCION DE EDICION |
| Mención de edición |
15a ed. |
| 260 ## - PIE DE IMPRENTA |
| Lugar de publicación, distribución, etc |
Buenos Aires: |
| Nombre de la editorial, distribuidor, etc |
El Ateneo; |
| Fecha de publicación |
2023. |
| 300 ## - DESCRIPCION FISICA |
| Extension |
525 p. |
| Otros detalles físicos |
18x26 cm. |
| 500 ## - NOTA GENERAL |
| Nota general |
Fustinoni, O. (2023). Semiología del sistema nervioso. (15a ed.). Buenos Aires : El Ateneo. |
| 653 ## - TÉRMINO INDIZADO - PALABRAS CLAVES |
| Palabra clave |
Nociones de anatomia, fisiologia, histologia y patologia. |
| -- |
Exploración |
| -- |
Funciones craneanas, sensoriales,oculomotoras y de equilibrio pares craneanos V,VII,XI,y XII. |
| -- |
Funciones sensitivomotoras de cara, boca, fauces y cuello: pares craneanos V, VII, IX y XII. Sindromes de pares craneanos asociados |
| -- |
Motilidad |
| -- |
Tono muscular |
| -- |
Trofismo |
| -- |
Taxia |
| -- |
Reflejos, clonus y sincinesias |
| -- |
Manifestaciones motoras de hiperrexcitabilidad central y periférica |
| -- |
Movimientos anormales y sindromes extrapiramidales |
| -- |
Sensibilidad |
| -- |
Sueño conciencia y coma |
| -- |
Palabra y funciones cerebrales superiores: lenguaje, praxia, gnosia, memoria. |
| -- |
Sindromes vasculares |
| -- |
Sindromes cognitivos |
| -- |
Sindromes semiológicos de otras afecciones del sistema nervioso. |
| -- |
Sindromes funcionales y su deteccion |
| -- |
Semiologia psiquiatrica y comportamiento |
| -- |
Estudios complementarios |
| 942 ## - ADDED ENTRY ELEMENTS (KOHA) |
| Source of classification or shelving scheme |
Dewey Decimal Classification |
| Item type |
Libros |